• 首页
  • 本馆介绍
  • 公告通知
  • 最新文献
  • 馆藏检索
  • 电子资源
  • 读者导购
  • 参考咨询
  • 我的图书馆
  • 登录
  • 详细信息显示
  • 放入我的书架
  • 预约/预借图书
  • 作者相关作品
  • 分类相关作品
  • 丛书相关作品
  • 出版社相关作品

书目信息

  • 表格格式
  • 工作单格式
  • 卡片格式
题名:
花色早点500例
    
 
作者: 祁澜 主编
分册:  
出版信息: 北京   华文出版社  2001.01
页数: 338页
开本: 20cm
丛书名: 快餐美食
单 册:
中图分类: TS972.18
科图分类:
主题词: 食谱--世界 , CT--S067915--食谱
电子资源:
ISBN: 7-5075-1083-2
000 00798oam2 2200265 45
001 012001017281
005 20070523161736.36
010    @a7-5075-1083-2@dCNY16.80
100    @a20010323d2001 em y0chiy0110 ea
101 0  @achi
102    @aCN@b110000
105    @ay z 000yy
200 1  @a花色早点500例@AHua Se Zao Dian 500 Li@f祁澜主编@FQi Lan Zhu Bian
210    @a北京@c华文出版社@d2001.01
215    @a338页@d20cm
225 2  @a快餐美食
330    @a本书收集了深受老百姓欢迎的传统风味早点,还特意精心编写了已开始流行的广式早茶。本书还介绍了西式早餐。
410  0 @12001 @a快餐美食
606 0  @a食谱@y世界
606 0  @2CT@3S067915@a食谱
690    @aTS972.18@v4
701  0 @a祁澜@AQi Lan@4主编
801  0 @aCN@bNLC@c20070523
905    @aBZT@dTS972.18@e1
906    @dCNY16.80@n0@r1
    
    花色早点500例/祁澜主编.-北京:华文出版社,2001.01
    338页;20cm.-(快餐美食)
    
    
    ISBN 7-5075-1083-2:CNY16.80
    本书收集了深受老百姓欢迎的传统风味早点,还特意精心编写了已开始流行的广式早茶。本书还介绍了西式早餐。
●
相关链接 在五车中查询图书 在当当中查询图书 在豆瓣中查询图书


正题名:花色早点500例     索取号:TS972.18/1         预约/预借

序号 登录号 条形码 馆藏地/架位号 状态 备注
1 524203   230118634   中心书库中库/ 中库024架A面5列7层13/ [索取号:TS972.18/1] 在馆    
2 524204   230118633   中心书库中库/ 中库024架A面5列7层10/ [索取号:TS972.18/1] 在馆    
3 524205   230118635   中心书库中库/ 中库024架A面5列7层11/ [索取号:TS972.18/1] 在馆    
4 524206   230118636   中心书库中库/ 中库024架A面5列7层12/ [索取号:TS972.18/1] 在馆    
5 524207   230118637   中心书库中库/ 中库024架A面5列7层14/ [索取号:TS972.18/1] 在馆    
山东省滨州职业学院图书馆 欢迎您!
大连网信软件有限公司© 版权所有